Statistics for Taylor Swift Song Lyrics (Red)

Click here to take the quiz!

General Stats

  • This quiz has been taken 185 times
    (176 since last reset)
  • The average score is 5 of 11

Answer Stats

HintAnswer% Correct
To dress up like ____ and make fun of our exeshipsters
91%
this slope is treacherous, and I I I and I I I ___ itlike
84%
you ___ me to places I've never beenflew
57%
I'm walking fast through the ___ ___ busy streets and busy livestraffic lights
56%
I was ____ just the other dayreminiscing
49%
He said "Look at you _____ to much about things you can't change"worrying
48%
I told myself don't get ____ but in my mindattached
41%
Christmas lights ____ I've got my eye on the doorglisten
29%
you wear your best _____ but I was there to watchapology
27%
we made ___ a ___ babe it's probably better off this wayquite mess
21%
I don't even know her but i feel a______ to do what's _____ and rightresponsibility upstanding
0%

Score Distribution

Percentile by Number Answered

Percent of People with Each Score

Your Score History

You have not taken this quiz since the last reset